Govt. of
Madhya Pradesh

The Philadelphia Experiment (Record no. 47398)

MARC details
000 -LEADER
fixed length control field 002950000a22001330004500
003 - CONTROL NUMBER IDENTIFIER
control field MACL
040 ## - CATALOGING SOURCE
Original cataloging agency MACL
090 ## - LOCALLY ASSIGNED LC-TYPE CALL NUMBER (OCLC); LOCAL CALL NUMBER (RLIN)
-- 47905
-- 47903
100 ## - MAIN ENTRY--PERSONAL NAME
Personal name Berlitz.Charles
245 ## - TITLE STATEMENT
Title The Philadelphia Experiment
260 ## - PUBLICATION, DISTRIBUTION, ETC. (IMPRINT)
Place of publication, distribution, etc. U.S.A.
Name of publisher, distributor, etc. Souvenir Press
Date of publication, distribution, etc. 1997
650 ## - SUBJECT ADDED ENTRY--TOPICAL TERM
Topical term or geographic name as entry element Novel
942 ## - ADDED ENTRY ELEMENTS (KOHA)
Koha item type Library Membar
Call number prefix 823/BER
Holdings
Withdrawn status Lost status Source of classification or shelving scheme Damaged status Not for loan Home library Current library Date acquired Full call number Barcode Date last seen Uniform Resource Identifier Price effective from Koha item type
          MACL MACL 15/04/2015 823/BER BOOK CLC003214 29/04/2015 48304 15/04/2015 Books